| 000 | 01074nam a2200337 a 4500 | ||
|---|---|---|---|
| 001 | vtls000735507 | ||
| 003 | NLI | ||
| 005 | 20210627043914.0 | ||
| 008 | 110317s2011 ii da e 000 0 eng d | ||
| 020 |
_a9780070704596(pbk); _cRs.325.00 |
||
| 039 | 9 |
_y201103171803 _zChanchalg |
|
| 040 |
_aNLI: _beng |
||
| 041 | 0 | _aeng | |
| 044 | _aii | ||
| 082 | 0 | 4 |
_a004.16 _222 |
| 100 | 1 |
_aMandal, Soumitra Kumar _9725727 |
|
| 245 | 1 | 0 |
_aMicroprocessors and microcontrollers/ _cSoumitra Kumar Mandal |
| 260 |
_aNew Delhi: _bTata McGraw-Hill Education, _cc2011 |
||
| 300 |
_a1v (various pagings): _bill; _c24cm |
||
| 650 | 0 |
_aMicroprocessors _9676221 |
|
| 650 | 0 |
_aMicrocontrollers _9725728 |
|
| 650 | 0 |
_aProgrammable controllers _9725729 |
|
| 887 | _achanchalg | ||
| 901 |
_aDB121727: _b25.12.2010 |
||
| 902 | _aE 004.16 M 312 | ||
| 904 | _achanchalg | ||
| 949 |
_AVIRTUAITEM _D10000 _X100 _6DBA000121727ENG |
||
| 942 |
_2ddc _cBKS |
||
| 999 |
_aVIRTUA _c596371 _d596371 |
||
| 999 | _aVTLSSORT0080*0200*0400*0410*0440*0820*1000*2450*2600*3000*6500*6501*6502*8520*9010*9020*9040*9992 | ||